El borde del agua /

Una historia de inmigración. En un puerto, una niña recién llegada al país pierde a su madre entre la multitud. Esta obra muestra todo lo que le pasa a partir de ese momento: la gente que se le acerca, los peligros de un secuestro y la extrañeza de un mundo que no puede reconocer. Una historia conoc...

Descripción completa

Guardado en:
Autor Principal: Durini, Ángeles.
Otros Autores: Schurmann, Sabina; il.
Formato: Libro
Idioma:Undetermined
Publicado: Villa Ventana : Maravilla, 2023.
Edición:1a ed.
Series:Identidades bonaerenses
Los libros del Lagarto Obrero
Materias:
Etiquetas: Agregar Etiqueta
Sin Etiquetas, Sea el primero en etiquetar este registro!
LEADER 01891nam a22002895a 4500
001 CEM.cems024844
008 250806s2023####ag############000#0#und#d
005 20250825101521.0
245 1 0 |a El borde del agua /  |c Ángeles Durini ; ilustraciones Sabina Schurmann. 
250 |a 1a ed. 
260 |a Villa Ventana :  |b Maravilla,  |c 2023. 
300 |a 95 p. 
490 1 |a Identidades bonaerenses 
490 1 |a Los libros del Lagarto Obrero 
500 |a Edición especial de la Dirección de Cultura y Educación de la Provincia de Buenos Aires. 
500 |a Sugerencia de edad: a partir de ciclo básico. 
520 |a Una historia de inmigración. En un puerto, una niña recién llegada al país pierde a su madre entre la multitud. Esta obra muestra todo lo que le pasa a partir de ese momento: la gente que se le acerca, los peligros de un secuestro y la extrañeza de un mundo que no puede reconocer. Una historia conocida y al mismo tiempo totalmente original. La ilustración extraña la percepción momento a momento, mientras la prosa oscila entre la narración y la poesía. Los textos de la reconocida autora Ángeles Durini construyen sentidos a partir del expresivo anclaje visual de Sabina Álvarez Schürmann. Un relato que, entre la escritura y las ilustraciones que la van enrareciendo, cuenta una historia de inmigración como todas, pero al mismo tiempo diferente a todas. 
020 |a 9789874779779 
100 1 |a Durini, Ángeles. 
700 1 |a Schurmann, Sabina; il. 
653 |a Literatura argentina 
653 |a Poesía argentina 
653 |a Identidades bonaerenses 
859 |a CEMS  |b BIB. CEMS - Agricultura  |h A861.4  |i D962  |p A3993.25  |t Ej.1 
859 |a CEMS  |b BIB. CEMS - Ccias. Educacion  |h A861.4  |i D962  |k CE  |p 30036.25  |t Ej.1 
859 |a CEMS  |b BIB. CEMS - 11 de abril  |h A861.4  |i D962  |p 30034.25  |t Ej.1 
859 |a CEMS  |b BIB. CEMS - 11 de abril  |h A861.4  |i D962  |p 30035.25  |t Ej.2